000 00685nam a2200241 a 4500
001 50099
003 BD-RjUL
005 20211209075446.0
008 160823s1980 ii ||||| |||| 001 0 eng d
035 _a(BD-RjUL)50219
040 _aBD-RjUL
_beng
_cBD-RjUL
041 _aeng
082 _a337
_bBUI 1980
100 _aBulchandani, K. R.
_9150144
245 1 0 _aInternational economics /
_cK. R. Bulchandani, Bhagyam Ramani
250 _a1st ed.
260 _aBombay :
_bHimalaya Publishing House,
_c1980
300 _ax, 347 p. ;
_c22 cm.
500 _aInclude index
650 _aInternational economic relations
_9150145
700 _aRamani, Bhagyam
_9150146
942 _2ddc
_cBK
999 _c50099
_d50099